000 00305nam a2200109Ia 4500
008 230907s9999||||xx |||||||||||||| ||und||
082 _a421.5
_bHAL
245 0 _aPhonetics, phonology & pronunciation for the language classroom /
260 _aPalgrave,
_bNew York :
_c2017
300 _a205 p.
942 _cBK
999 _c600159
_d600159